000 nam a22 7a 4500
999 _c9255
_d9255
008 180125b ||||| |||| 00| 0 eng d
100 _aNCERT
_95512
245 _aMarigold - IV
260 _aNew Delhi
_bNCERT
_c2007